Vývoj priamoprúdych turbín pre malé spády
Guardado en:
| Autor principal: | |
|---|---|
| Otros Autores: | , , |
| Formato: | Libro |
| Lenguaje: | eslovaco |
| Publicado: |
Bratislava :
Nakladateľstvo STU,
2012
|
| Edición: | 1. vyd. |
| Materias: | |
| Etiquetas: |
Sin Etiquetas, Sea el primero en etiquetar este registro!
|
MARC
| LEADER | 00000nam a22000003a 4500 | ||
|---|---|---|---|
| 001 | stu253814 | ||
| 005 | 20220317191138.4 | ||
| 008 | 120828s2012------------------------slo-d | ||
| 020 | |a 978-80-227-3758-6 | ||
| 040 | |a STU |b slo | ||
| 041 | 0 | |a slo | |
| 100 | 1 | |a Sikhart, Robert, |d 1951- |4 aut |u J0040 |9 100 |U SjF Strojnícka fakulta |T SjF Ústav chemických a hydraulických strojov a zariadení |X 2210 |U J0040 |Y 807 |7 A000002210 | |
| 245 | 1 | |a Vývoj priamoprúdych turbín pre malé spády | |
| 250 | |a 1. vyd. | ||
| 260 | |a Bratislava : |b Nakladateľstvo STU, |c 2012 | ||
| 300 | |a 143 s | ||
| 650 | 7 | |a Turbíny vodné |2 stusub | |
| 700 | 1 | |a Varchola, Michal, |d 1946- |4 rev |u J0040 |U SjF Strojnícka fakulta |T SjF Ústav chemických a hydraulických strojov a zariadení |X 2468 |U J0040 |Y 807 |7 A000002468 | |
| 700 | 1 | |a Turza, Jozef |4 rev |u M250 |T MTF Detašované pracovisko v Dubnici nad Váhom |X 1000601305 |U M250 |Y M250 |7 1000601305 | |
| 700 | 1 | |a Kučera, Marián |4 rev | |
| 996 | |b 284J040550 |c J*115324 |l JJST |s P |a 0 |w stu253814_0001 | ||
| 996 | |b 284J040551 |c J*115325 |l JJSK |s A |a 24 |w stu253814_0002 | ||
| 996 | |b 284J040553 |c J*115327 |l JJSK |s A |a 24 |w stu253814_0003 | ||
| 996 | |b 284J040554 |c J*115328 |l JJSK |s A |a 24 |w stu253814_0004 | ||
| 996 | |b 284J040555 |c J*115329 |l JJSK |s A |a 24 |w stu253814_0005 | ||
| 996 | |b 284J040556 |c J*115330 |l JJSK |s A |a 24 |w stu253814_0006 | ||
| 996 | |b 284J040557 |c J*115331 |l JJSK |s A |a 24 |w stu253814_0007 | ||
| 996 | |b 284J040558 |c J*115332 |l JJSK |s A |a 24 |w stu253814_0008 | ||
| 996 | |b 284J040570 |c J*115344 |l JJSK |s A |a 24 |w stu253814_0009 | ||
| 996 | |b 284J040560 |c J*115334 |l JJSK |s A |a 24 |w stu253814_0010 | ||
| 996 | |b 284J040561 |c J*115335 |l JJSK |s A |a 24 |w stu253814_0011 | ||
| 996 | |b 284J040562 |c J*115336 |l JJSK |s A |a 24 |w stu253814_0012 | ||
| 996 | |b 284J040563 |c J*115337 |l JJSK |s A |a 24 |w stu253814_0013 | ||
| 996 | |b 284J040564 |c J*115338 |l JJSK |s A |a 24 |w stu253814_0014 | ||
| 996 | |b 284J040565 |c J*115339 |l JJSK |s A |a 24 |w stu253814_0015 | ||
| 996 | |b 284J040566 |c J*115340 |l JJSK |s A |a 24 |w stu253814_0016 | ||
| 996 | |b 284J040567 |c J*115341 |l JJSK |s A |a 24 |w stu253814_0017 | ||
| 996 | |b 284J040568 |c J*115342 |l JJSK |s A |a 24 |w stu253814_0018 | ||
| 996 | |b 284J040569 |c J*115343 |l JJSK |s A |a 24 |w stu253814_0019 | ||
| 996 | |b 284J040552 |c J*115326 |l JJSK |s A |a 24 |w stu253814_0020 | ||
| 996 | |b 284J040927 |c J*115699 |l JJSK |s A |a 24 |w stu253814_0021 | ||
| 996 | |b 284J040559 |c J*115333 |l JJSK |s A |a 24 |w stu253814_0022 | ||